| 000 | 00519cam a2200193M 4500 | ||
|---|---|---|---|
| 999 |
_c3430 _d3430 |
||
| 001 | on1000128366 | ||
| 003 | OCoLC | ||
| 005 | 20170828165527.0 | ||
| 008 | 170810s2017 xx 000 0 eng d | ||
| 020 | _a1108432972 | ||
| 020 | _a9781108432979 | ||
| 035 | _a(OCoLC)1000128366 | ||
| 040 |
_aYDX _beng _cYDX |
||
| 049 | _aTZAA | ||
| 245 | 0 | 0 |
_aBLACK WOMEN AND INTERNATIONAL LAW : _bdeliberate interactions, movements and. |
| 260 |
_a[S.l.] : _bCAMBRIDGE UNIV PRESS, _c2017. |
||
| 600 | _2on order | ||
| 942 |
_2lcc _cBOOK |
||